LEADER 01531nam a2200241 i 4500 001 000000058675 003 CaOOAMICUS 005 20250224091654.0 008 130517s1892 xx u000 u lat u 013 $a29847 040 $aSeMil$bita 110 2 $aSanta Sede : Congregazione delle Cause dei Santi.$0(OLS)http://semarc/name/399 245 10$aSacra rituum congregatione emo, & rmo domino cardinali Raphaele Monaco La Valletta relatore. Brixien. beatificationis et canonizationis ven. servae Dei Sor. Mariae Magdalenae Martinengo a Barco ... :$bnova positio super dubio an post obtentam unius miraculi approbationem, .. 260 $aRomae :$bTypis Guerra et Mirri,$c1892. 300 $a1 v. (varie sequenze) ;$c35 cm. 600 14$aMartinengo, Maria Maddalena .$0(OLS)http://semarc/subject/45017 650 4$aSanti - Canonizzazione.$0(OLS)http://semarc/subject/1571 700 1 $aMonaco La Valletta, Raffaele .$0(OLS)http://semarc/name/29926 850 $aSeMil 852 $aSeMil$W1$xVenegono$y1$m2I VI 6 FA$j24828$B24828$CSeMilBibl$Z2$F24831 $8I 996 $6245$aSacra rituum congregatione emo, & rmo domino cardinali Raphaele Monaco La Valletta relatore. Brixien. beatificationis et canonizationis ven. servae Dei Sor. Mariae Magdalenae Martinengo a Barco ... :$bnova positio super dubio an post obtentam unius miraculi approbationem, ..$9(OLS)http://semarc/title/91509 996 $6260$aRomae :$bTypis Guerra et Mirri$9(OLS)http://semarc/publisher/34284 LEADER 01235nam a2200217 i 4500 001 000000080729 003 CaOOAMICUS 005 20180112000000.0 008 180112s1818 it u000 u ita u 013 $a52967 026 $ai.u- o.te noan goer (3) 1818 (A) 040 $aSeMil$bita 245 10$aNotizie raccolte per la storia dei regni di Caterina seconda e Paolo primo illustrate da interessanti note. 260 $aMilano :$bPresso Batelli e Fanfani calcografi, editori e negozianti di stampa,$c1818$e([Milano] :$fTipografia Visconti e Martinelli,$g1818) 300 $aVIII, 108 [i.e. 100] p., [2] carte di tav. :$britr. ;$c8°. 600 04$aCaterina II : di Russia .$0(OLS)http://semarc/subject/37423 700 1 $aBatelli, Vincenzo & Fanfani, Ranieri,$c.$0(OLS)http://semarc/name/89541 850 $aSeMil 852 $aSeMil$W1$xVenegono$y1$m3T III 29 FA$j46138$B46138$CSeMilBibl$Z2$F48326 $8I 996 $6245$aNotizie raccolte per la storia dei regni di Caterina seconda e Paolo primo illustrate da interessanti note$9(OLS)http://semarc/title/404112 996 $6260$aMilano :$bPresso Batelli e Fanfani calcografi, editori e negozianti di stampa$9(OLS)http://semarc/publisher/56553